| 000 | 01370nam a2200277Ia 4500 | ||
|---|---|---|---|
| 000 | 01984naaa 00385uu | ||
| 001 | https://directory.doabooks.org/handle/20.500.12854/39263 | ||
| 005 | 20260218105552.0 | ||
| 008 | 211013s9999 xx 000 0 und d | ||
| 024 | _a10.1515/9783110479133 | ||
| 042 | _adc | ||
| 245 | 0 | _aCarbon-Based Smart Materials | |
| 260 |
_aBerlin/Boston _bDe Gruyter _c2020 |
||
| 300 | _a1 electronic resource (182 p.) | ||
| 520 | _aPresents technologies and key concepts to produce suitable smart materials and intelligent structures for sensing, information and communication technology, biomedical applications (drug delivery, hyperthermia therapy), self-healing, flexible memories and construction technologies. Novel developments of environmental friendly, cost-effective and scalable production processes are discussed by experts in the field. | ||
| 540 | _aCreative Commons | ||
| 653 | _asmart materials | ||
| 700 | 1 | _aCharitidis, Constantinos A. | |
| 700 | 1 | _aCharitidis, Constantinos A. | |
| 700 | 1 | _aDragatogiannis, ?Dimitrios A. | |
| 700 | 1 | _aKoumoulos, ?Elias P. | |
| 700 | 1 | _aKoumoulos, ?Elias P. | |
| 856 |
_uhttps://docs.google.com/spreadsheets/d/1yKIrdCPDAG_9c22mwoOIO2DOhtj65Wqa/edit?usp=sharing&ouid=106555315294820607512&rtpof=true&sd=true _yList of Curated E-Books |
||
| 942 | _cE-BOOK | ||
| 999 |
_c89650 _d89647 |
||